00397nam a2200157Ia 45000010006000000050017000060080041000230410008000640820015000721000038000872450061001252600009001863000028001956500008002236540008002312028720260306172755.0260306t2016||||xx |||||||||||||| ||spa|| aESP a343.1bM84 aMontoya Chávez, VictorhugoeAUT 0aEl proceso competencial en la jurisprudencia (1996-2015) c2016 a139 páginas :c24 cm. aGEN aCDE